Apologie

Guardat en:
Dades bibliogràfiques
Autor principal: Platón (Autor)
Format: Llibre
Idioma:alemany
Publicat: Rowohlt 1964
Col·lecció:Griechische Philosophie
Matèries:
Etiquetes: Afegir etiqueta
Sense etiquetes, Sigues el primer a etiquetar aquest registre!

MARC

LEADER 00000nam a2200000 a 4500
001 UCY6245
003 CL-VaPUC
008 950521e19640000GW |||||||||||||||||ger|d
082 0 4 |a 184  |b PLA  |2 21 
100 0 |a Platón  |e author  |9 222 
245 1 0 |a Apologie 
246 1 0 |a Kriton 
246 1 0 |a Protágoras 
246 1 0 |a Ion 
246 1 0 |a Hippias II 
246 1 0 |a Charmides 
246 1 0 |a Laches 
246 1 0 |a Euthyphron 
246 1 0 |a Gorgias 
246 1 0 |a Briefe 
246 1 0 |a Menon 
246 1 0 |a Hippias I 
246 1 0 |a Euthydemos 
246 1 0 |a Menexenos 
246 1 0 |a Kratylos 
246 1 0 |a Lysis 
246 1 0 |a Symposion 
246 1 0 |a Phaidon 
246 1 0 |a Politeia 
246 1 0 |a Phaidros 
246 1 0 |a Parménides 
246 1 0 |a Theaitetos 
246 1 0 |a Sophistes 
300 |a v 
942 |c BK 
945 |d 19950521 00:00:00  |a oaravena 
260 |b Rowohlt  |c 1964 
650 0 |a Filosofía   |9 223554 
650 7 |a RECURSOS LITERARIOS  |2 CL-VaPUC  |9 336099 
650 0 |a Ética  |9 255099 
650 0 |a Metafísica  |9 265649 
650 0 |a Filosofía antigua   |9 255705 
650 7 |a HOMBRE  |2 CL-VaPUC  |9 262149 
650 0 |a Alma   |9 259008 
650 0 |a Amor  |9 257817 
651 0 |a Grecia  |9 265314 
583 |a last modification  |c 20120828 10:03:44  |k Rodrigo Vera 
490 0 |a Griechische Philosophie 
999 |c 233824  |d 233822 
952 |0 0  |1 0  |4 0  |6 184_000000000000000_PLA_1964  |7 0  |8 P  |9 239592  |a BIBEDU  |b BIBEDU  |c BIBEDU_PB  |d 2019-11-18  |h v.1  |i 1501887  |o 184 PLA 1964  |p 1501887  |r 2024-01-25  |w 2019-11-18  |y BK  |k FIL 
952 |0 0  |1 0  |4 0  |6 184_000000000000000_PLA_1964  |7 0  |8 P  |9 239593  |a BIBEDU  |b BIBEDU  |c BIBEDU_PB  |d 2019-11-18  |h v.2  |i 1501895  |o 184 PLA 1964  |p 1501895  |r 2024-01-25  |w 2019-11-18  |y BK  |k FIL 
952 |0 0  |1 0  |4 0  |6 184_000000000000000_PLA_1964  |7 0  |8 P  |9 239594  |a BIBEDU  |b BIBEDU  |c BIBEDU_PB  |d 2019-11-18  |h v.3  |i 1501909  |o 184 PLA 1964  |p 1501909  |r 2024-01-25  |w 2019-11-18  |y BK  |k FIL 
952 |0 0  |1 0  |4 0  |6 184_000000000000000_PLA_1964  |7 0  |8 P  |9 239595  |a BIBEDU  |b BIBEDU  |c BIBEDU_PB  |d 2019-11-18  |h v.4  |i 1501917  |o 184 PLA 1964  |p 1501917  |r 2024-01-25  |w 2019-11-18  |y BK  |k FIL